| 000 | 00407nam a2200169Ia 4500 | ||
|---|---|---|---|
| 999 |
_c5643 _d5643 |
||
| 020 | _a0-8243-2727-6 | ||
| 082 | _aRR 362.105 ANN- | ||
| 245 | 0 | _aAnnual review of public health | |
| 260 |
_aPalo Alto _bAnnual reviews _c2006 |
||
| 300 | _aix, 587 | ||
| 650 | _aPublic health | ||
| 650 | _aPeriodicals | ||
| 650 | _aEpidemiology | ||
| 650 | _aBiostatistics | ||
| 700 | _aFielding, Jonathan E | ||
| 942 | _cBK | ||